| 000 | 00798nam a22002417i 4500 | ||
|---|---|---|---|
| 999 |
_c22792 _d22792 |
||
| 003 | AR-CdUCM | ||
| 008 | 240313b20182018pe ||||| |||| 00| 0 spa d | ||
| 040 |
_aMUNICIPALIDAD PROVINCIAL DEL CUSCO _cBIBLIOTECA MUNICIPAL DEL CUSCO |
||
| 041 | _hspa | ||
| 082 |
_a869.56 / C2964N _bC2964N |
||
| 100 |
_aDel Carpio Bellido, Gonzalo _949470 |
||
| 245 | _aNeuroanatomía y otras malas decisiones / | ||
| 260 |
_aLima : _bCroc Blanc Editorial S.A.C., _c2018 |
||
| 300 |
_a178 páginas. : _c21 cm. |
||
| 505 | _aViral -- Mi hijo no va a clases -- Isidoro y los potos -- Secreto de un finado | ||
| 650 |
_aViral _949471 |
||
| 650 |
_aAmpay _949472 |
||
| 650 |
_aEl pacto _949473 |
||
| 650 |
_aUna noticia _949474 |
||
| 650 |
_aNeuroanatomía _949475 |
||
| 942 |
_2ddc _cLIBROS |
||
| 945 |
_apbj _d13-03-2024 |
||